Focus sur: Xenophilius Lovegood - Harry Potter - Statistiques

Statistiques générales
  • Ce quiz a été pris 261 fois
  • Le résultat moyen est 8 sur 10
Statistiques - réponses
Informations recherchées Réponses % Correct
Fille Luna Lovegood
100%
Ecole fréquentée Poudlard
100%
Statut du sang Sang-Pur
99%
Maison fréquentée Serdaigle
99%
Couleur des cheveux Blond
98%
Première apparition Harry Potter et les Reliques de la Mort
97%
Métier Éditeur du Chicaneur
84%
Lieu de rencontre avec Harry Potter Terrier
78%
Épouse Pandora Lovegood
42%
Acteur l'interprétant dans les films Rhys Ifans
24%
Aucun quiz correspondant
Distribution des résultats
% des personnes avec chaque résultat
Percentile par nombre de réponses
Votre historique - résultats
Vous n’avez pas pris ce quiz